The gorilla who wanted to grow up / (Record no. 4780)
[ view plain ]
| 000 -LEADER | |
|---|---|
| fixed length control field | 01237nam a22003017a 4500 |
| 001 - CONTROL NUMBER | |
| control field | 4780 |
| 003 - CONTROL NUMBER IDENTIFIER | |
| control field | FISKH |
| 005 - DATE AND TIME OF LATEST TRANSACTION | |
| control field | 20241010141730.0 |
| 008 - FIXED-LENGTH DATA ELEMENTS--GENERAL INFORMATION | |
| fixed length control field | 241010b cb ||||| |||| 00| 0 eng d |
| 020 ## - INTERNATIONAL STANDARD BOOK NUMBER | |
| International Standard Book Number | 9781405271950 |
| 040 ## - CATALOGING SOURCE | |
| Original cataloging agency | FISKH |
| Language of cataloging | eng |
| Transcribing agency | FISKH |
| Modifying agency | FISKH |
| 050 ## - LIBRARY OF CONGRESS CALL NUMBER | |
| Classification number | PE1119 |
| 082 ## - DEWEY DECIMAL CLASSIFICATION NUMBER | |
| Classification number | 823.914 |
| 100 ## - MAIN ENTRY--PERSONAL NAME | |
| Personal name | Tomlinson, Jill |
| Dates associated with a name | (1931-1976) |
| 245 ## - TITLE STATEMENT | |
| Title | The gorilla who wanted to grow up / |
| Statement of responsibility, etc. | Jill Tomlinson Pictures by Paul Howard |
| 250 ## - EDITION STATEMENT | |
| Edition statement | First published in 2014 |
| 260 ## - PUBLICATION, DISTRIBUTION, ETC. | |
| Place of publication, distribution, etc. | London : |
| Name of publisher, distributor, etc. | Egmont, |
| Date of publication, distribution, etc. | 1977. |
| 300 ## - PHYSICAL DESCRIPTION | |
| Extent | 97 pages : |
| Other physical details | illustrations ; |
| Dimensions | 20 cm. |
| 505 ## - FORMATTED CONTENTS NOTE | |
| Formatted contents note | P<br/> |
| 520 ## - SUMMARY, ETC. | |
| Summary, etc. | The tale of a young, mischievous gorilla who can't wait to grow up Pongo is a young gorilla who lives in the mountains of Africa. He has long glossy black hair and a black shiny nose. But Pongo can't wait to grow up, when he will have a silver back like his father's and a big chest that he can thump. With gentle humor and comfort, this tale reveals how Pongo learns that growing up isn't just about chest-thumping. |
| 521 8# - TARGET AUDIENCE NOTE | |
| Target audience note | 620L<br/> |
| Source | Lexile<br/> |
| 521 8# - TARGET AUDIENCE NOTE | |
| Target audience note | P<br/> |
| Source | Raz-Plus<br/> |
| 650 ## - SUBJECT ADDED ENTRY--TOPICAL TERM | |
| Source of heading or term | Fiction |
| Topical term or geographic name entry element | Gorillas |
| 650 ## - SUBJECT ADDED ENTRY--TOPICAL TERM | |
| Source of heading or term | Children's |
| Topical term or geographic name entry element | Primary |
| 700 ## - ADDED ENTRY--PERSONAL NAME | |
| Personal name | Howard, Paul |
| Dates associated with a name | Illustrator |
| 942 ## - ADDED ENTRY ELEMENTS (KOHA) | |
| Source of classification or shelving scheme | Dewey Decimal Classification |
| Koha item type | Books |
| Suppress in OPAC | No |
| Withdrawn status | Lost status | Source of classification or shelving scheme | Damaged status | Not for loan | Collection | Home library | Current library | Shelving location | Date acquired | Total Checkouts | Full call number | Barcode | Date last seen | Copy number | Price effective from | Koha item type |
|---|---|---|---|---|---|---|---|---|---|---|---|---|---|---|---|---|
| Dewey Decimal Classification | Juvenile Fiction | Footprints International School Library Network Toul Kork Campus | Footprints International School Library Network Toul Kork Campus | TK Primary Library Room(4th Floor), Bookcase 3&4, Shelves 17-32, Yellow Books | 10/10/2024 | TOM 823.914 PE1119 | 2024-2130 | 10/10/2024 | 1 | 10/10/2024 | Books |
